LEADER 01090nam0 22002771i 450 001 UON00082786 005 20231205102434.771 100 $a20020107d1970 |0itac50 ba 101 $afre 102 $aFR 105 $a|||| ||||| 200 1 $aˆLa ‰Republique de Guinée$fJean Suret-Canale 210 $aParis$cEditions Sociales$dc1970 215 $a431 p., p. di tav.$cill.$d22 cm 316 $a*Data inesatta$5IT-UONSI AOCST/024 606 $aGUINEA EQUATORIALE$xStoria$xSec. 19.-20.$3UONC024291$2FI 620 $aFR$dParis$3UONL002984 676 $a967.1803$cSTORIA DELLA GUINEA EQUATORIALE - 1979-1993$v21 700 1$aSURET-CANALE$bJean$3UONV053196$0173284 712 $aEditions Sociales$3UONV249242$4650 801 $aIT$bSOL$c20240220$gRICA 899 $aSIBA - SISTEMA BIBLIOTECARIO DI ATENEO$2UONSI 912 $aUON00082786 950 $aSIBA - SISTEMA BIBLIOTECARIO DI ATENEO$dSI AOC ST 024 $eSI AA 2057 5 024 *Data inesatta 996 $aRepublique de Guinée$91295639 997 $aUNIOR